A semmi helyének logikája és a vallásos világnézet
Elmentve itt :
| Szerző: | |
|---|---|
| További közreműködők: | |
| Adatforrás: | Philobibl |
| Forrásdokumentuma: | Pro Philosophia Füzetek 2004:39. 123-129. p. |
| Dokumentumtípus: | Cikk |
| Nyelv: | magyar |
| Kulcsszavak: | semmi vallás valláselmélet |
| Megjelent: |
2004
|
| LEADER | 00482nab a2200157 c 4500 | ||
|---|---|---|---|
| 001 | bibPHI0029431 | ||
| 005 | 20200924122505.4 | ||
| 008 | 070115s2004 xx hun | ||
| 100 | 1 | |a Nishida, Kitaro | |
| 245 | 1 | 2 | |a A semmi helyének logikája és a vallásos világnézet |c Nishida, Kitaro ; [ford. V. Szabó László] |
| 260 | |c 2004 | ||
| 695 | |a semmi | ||
| 695 | |a vallás | ||
| 695 | |a valláselmélet | ||
| 700 | 1 | |a V. Szabó László | |
| 773 | 0 | |t Pro Philosophia Füzetek |g 2004:39. 123-129. p. | |